00211nam a2200097Ia 4500008004100000100001900041245002200060260001400082260000900096300000800105170620s9999 xx 000 0 und d aBhatnagar-M.S. 0aEnglish Phonetics bALFA Pub. c2007 a248